Nghiên cứu và so sánh tác dụng bảo vệ của hai chế phẩm có nguồn gốc tự nhiên lên động vật nhiễm độc nhiên liệu lỏng tên lửa thực nghiệm /
সংরক্ষণ করুন:
| প্রধান লেখক: | |
|---|---|
| অন্যান্য লেখক: | , , , , , |
| বিন্যাস: | প্রবন্ধ |
| ভাষা: | Vietnamese |
| ট্যাগগুলো: |
ট্যাগ যুক্ত করুন
কোনো ট্যাগ নেই, প্রথমজন হিসাবে ট্যাগ করুন!
|
| Thư viện lưu trữ: | Thư viện Trường Đại học Đà Lạt |
|---|
| LEADER | 01046nam a2200301 4500 | ||
|---|---|---|---|
| 001 | DLU120144475 | ||
| 005 | ##20121210 | ||
| 040 | # | # | |a DLU |b vie |
| 041 | # | # | |a vie |
| 044 | # | # | |a vn |
| 100 | # | # | |a Nguyễn Thị Ngọc Dao. |
| 245 | # | # | |a Nghiên cứu và so sánh tác dụng bảo vệ của hai chế phẩm có nguồn gốc tự nhiên lên động vật nhiễm độc nhiên liệu lỏng tên lửa thực nghiệm / |c Nguyễn Thị Ngọc Dao... [và những người khác]. |
| 700 | # | # | |a Đỗ Thị Hồng Cẩm |
| 700 | # | # | |a Đỗ Thị Tuyên |
| 700 | # | # | |a Hoàng Thị Thành |
| 700 | # | # | |a Hoàng Văn Huấn |
| 700 | # | # | |a Tạ Kim Thạch |
| 700 | # | # | |a Trần Vân Khánh |
| 773 | # | # | |t Kỷ yếu Annual Report 1998, |g 2000, tr. 145-151 |
| 920 | # | # | |a Phòng Tạp chí -- Trung tâm Thông tin - Thư viện Trường Đại học Đà Lạt |
| 994 | # | # | |a DLU |
| 900 | # | # | |a True |
| 911 | # | # | |a Nguyễn Thị Mai Anh |
| 925 | # | # | |a G |
| 926 | # | # | |a A |
| 927 | # | # | |a BB |
| 980 | # | # | |a Thư viện Trường Đại học Đà Lạt |